| 000 | 01211naa a22003017a 4500 | ||
|---|---|---|---|
| 001 | BR7310141 | ||
| 003 | BR-BrBNA | ||
| 005 | 20240918173512.0 | ||
| 007 | ta | ||
| 008 | 230509b bl.||||| |||| 00| 0 por d | ||
| 040 |
_aBR-BrBNA _bpor _cBiblioteca Nacional de Agricultura |
||
| 041 | _a(En) | ||
| 072 |
_aF21 _b1800 |
||
| 090 | _aF21 BR7310141 | ||
| 100 | 1 | _aBecking, J.H. | |
| 111 | 1 |
_a4. Conferencia Internacional sobre os Impactos Globais da Microbiologia Aplicada _cSao Paulo, SP (Brazil) _d23 Jul 1973 |
|
| 245 | 1 | _aSymbiotic nitrogen fixation by non-legumes [Fixacao de nitrogenio; Legume] | |
| 260 | 3 |
_aSao Paulo, SP (Brasil): _c1973. |
|
| 500 | _aAnais da Quarta Conferencia Internacional sobre os Impactos Globais da Microbiologia Aplicada Sao Paulo, SP (Brasil): 1973. v. 1 p. 421-460 (BR7310141-AM)F21 | ||
| 650 | _aBiologia do solo | ||
| 650 | _aLegume | ||
| 650 | _aNodulo | ||
| 650 | _aSimbiose | ||
| 650 | _aFixacao simbiotica de nitrogenio | ||
| 773 | 0 |
_tAnais da Quarta Conferencia Internacional sobre os Impactos Globais da Microbiologia Aplicada _wF21 BR7310141 _gSao Paulo, SP (Brasil), 1973. v. 1 p. 421-460 |
|
| 909 |
_a202404 _bLucia _c55 _dLucia Elande |
||
| 942 |
_cAM _2AGRIS |
||
| 999 |
_c305034 _d305034 |
||